|
|
|
|
| LEADER |
00000nam0a2200000 4500 |
| 001 |
38181 |
| 005 |
20231031005119.0 |
| 035 |
|
|
|a (RuTPU)RU\TPU\book\38806
|
| 090 |
|
|
|a 38181
|
| 100 |
|
|
|a 20020221d1974 km y0rusy50 ca
|
| 101 |
0 |
|
|a rus
|
| 102 |
|
|
|a RU
|
| 105 |
|
|
|a a z 001zy
|
| 200 |
1 |
|
|a Транзисторные импульсные усилители и стабилизаторы постоянного напряжения
|f В. А. Головацкий
|
| 210 |
|
|
|a Москва
|c Советское радио
|d 1974
|
| 215 |
|
|
|a 158 с.
|c ил.
|
| 320 |
|
|
|a Библиогр.: с. 154-156.
|
| 610 |
1 |
|
|a радиотехника
|
| 610 |
1 |
|
|a сглаживающие фильтры
|
| 610 |
1 |
|
|a импульсные усилители
|
| 610 |
1 |
|
|a постоянное напряжение
|
| 610 |
1 |
|
|a усилители импульсные полупроводниковые
|
| 610 |
1 |
|
|a стабилизаторы напряжения
|
| 675 |
|
|
|a 621.375.4
|v 3
|
| 675 |
|
|
|a 621.316.722.1
|v 3
|
| 700 |
|
1 |
|a Головацкий
|b В. А.
|g Владимир Анатольевич
|
| 801 |
|
1 |
|a RU
|b 63413507
|c 20020221
|g PSBO
|
| 801 |
|
2 |
|a RU
|b 63413507
|c 20210902
|g PSBO
|
| 942 |
|
|
|c BK
|